ՀՀ Գիտությունների ազգային ակադեմիայի հիմնարար գիտական գրադարան  =   Fundamental Scientific Library of NAS RA

Полихроматические принципы в средневековой архитектуре Армении / (Record no. 136330)

MARC details
000 -LEADER
fixed length control field 01060nam a2200229 a 4500
001 - CONTROL NUMBER
control field 000355703
003 - CONTROL NUMBER IDENTIFIER
control field AM-YeHGA
005 - DATE AND TIME OF LATEST TRANSACTION
control field 20250618072224.0
008 - FIXED-LENGTH DATA ELEMENTS--GENERAL INFORMATION
fixed length control field 040305s1978 ai 000 | rus d
040 ## - CATALOGING SOURCE
Original cataloging agency AM-YeHGA
041 0# - LANGUAGE CODE
Language code of text/sound track or separate title rus
090 ## - LOCALLY ASSIGNED LC-TYPE CALL NUMBER (OCLC); LOCAL CALL NUMBER (RLIN)
-- 137701
100 1# - MAIN ENTRY--PERSONAL NAME
Personal name Хачатурян, Ваник
245 10 - TITLE STATEMENT
Title Полихроматические принципы в средневековой архитектуре Армении /
Statement of responsibility, etc. Ваник Хачатурян; АН АрмССР. Ин-т искусств. II Междунар. симп. по арм. искусству.
260 ## - PUBLICATION, DISTRIBUTION, ETC.
Place of publication, distribution, etc. Ереван :
Name of publisher, distributor, etc. Изд-во АН АрмССР,
Date of publication, distribution, etc. 1978.
300 ## - PHYSICAL DESCRIPTION
Extent 10 с. ;
Dimensions 20 см.
500 ## - GENERAL NOTE
General note На обл.: СССР, Ереван
650 14 - SUBJECT ADDED ENTRY--TOPICAL TERM
Topical term or geographic name entry element Искусство
9 (RLIN) 5446
650 14 - SUBJECT ADDED ENTRY--TOPICAL TERM
Topical term or geographic name entry element Архитектура
Geographic subdivision Армения
Chronological subdivision Средние века
710 2# - ADDED ENTRY--CORPORATE NAME
Corporate name or jurisdiction name as entry element Институт искусств АН АрмССР
711 2# - ADDED ENTRY--MEETING NAME
Meeting name or jurisdiction name as entry element Международный симпозиум по армянскому искусству
Number of part/section/meeting ( 2 :
Date of meeting or treaty signing 1978 :
Location of meeting Ереван)
Holdings
Withdrawn status Lost status Source of classification or shelving scheme Damaged status Not for loan Collection Home library Current library Date acquired Total checkouts Full call number Barcode Date last seen Price effective from Koha item type Public note
    Universal Decimal Classification     General Fundamental Scientific Library Fundamental Scientific Library 22/12/2016   PII/424289 FL0437999 22/12/2016 22/12/2016 Գրքեր / Books 30 Days Loan


ՀՀ ԳԱԱ հիմնարար գիտական գրադարան
ՀՀ,Երևան 0019
Մարշալ Բաղրամյան 24/6
հեռախոս:(374-10) 52-47-50
Հետադարձ կապ

All site content, except where otherwise noted, is licensed under a
Creative Commons License